Vereine der 2. Bundesliga 2023/2024 - Statistiken

Allgemein
  • Dieses Quiz wurde 184 mal gespielt
  • Das Durchschnittsergebnis liegt bei 15 aus 18
Antwortstatistiken
Vereine % Korrekt
Hamburger SV
97%
FC Schalke 04
96%
Hertha BSC Berlin
95%
1. FC Nürnberg
92%
Holstein Kiel
92%
Hannover 96
89%
FC St. Pauli
87%
Fortuna Düsseldorf
85%
1. FC Kaiserslautern
84%
Hansa Rostock
84%
SV Wehen Wiesbaden
83%
Karlsruher SC
82%
SpVgg Greuther Fürth
82%
SV Elversberg
78%
1. FC Magdeburg
76%
SC Paderborn 07
76%
Eintracht Braunschweig
75%
VfL Osnabrück
73%
Keine übereinstimmenden Quizze gefunden
Verteilung der Resultate
Anzahl Personen mit jedem Resultat
Perzentil nach korrekt beantworteten Fragen
Ihre Resultats-Entwicklung
Sie haben dieses Quiz noch nicht gespielt